| 000 | 01598cam a22004094i 4500 | ||
|---|---|---|---|
| 003 | PE-LiUPU | ||
| 005 | 20250731173227.0 | ||
| 008 | 150625s r 000 0 d | ||
| 035 | _a(Sirsi) a34153 | ||
| 040 |
_aPE-LiUPU _bspa _cPE-LiUPU _erda |
||
| 082 | 0 | 4 |
_a261 _bW113s _223 |
| 100 | 1 | 0 |
_aWach, Joachin, _eautor. |
| 245 | 1 | 0 |
_aSociología de la religión / _cJoachin Wach. |
| 264 | 1 |
_aMexico : _bFondo de cultura económica, _c1946. |
|
| 300 |
_a563 páginas: _c21 centímetros. |
||
| 336 |
_atext _2rdacontent |
||
| 337 |
_aunmediated _2rdamedia |
||
| 338 |
_avolume _2rdacarrier |
||
| 505 | _aPROLEGOMENOS METODOLÓGICOS: El método -- La experiencia religiosa y su expresión -- Consecuencia sociales -- RELIGIÓN Y SOCIEDAD: Religión y sociedad- religión y grupos naturales -- Organización de la sociedad específicamente religiosa -- Religión y sociedad: II, religión y diferenciación dentro de la sociedad -- Religión y sociedad III, La religión y estado --Tipos de autoridad religiosa -- Conclusión . | ||
| 526 | _aSEG42 | ||
| 526 | _aSEG41 | ||
| 526 | _aSEG40 | ||
| 526 | _aSEG39 | ||
| 526 | _aP94 | ||
| 526 | _aP87 | ||
| 526 | _aP86 | ||
| 526 | _aP85 | ||
| 526 | _aP77 | ||
| 526 | _aP76 | ||
| 526 | _aP35 | ||
| 650 | 0 |
_aReligión y sociología _92365 |
|
| 650 | 0 |
_aReligión y Estado _92366 |
|
| 942 |
_2ddc _cBK _n0 |
||
| 949 |
_a261 W113s _wDEWEY _c1 _i14994 _lCCODEBUL1 _mBUL _p00.00 _r0 _sY _tBOOK _u2015-06-25 _xBIBLIOTECA _zUNKNOWN _0COMPRA _o.STAFF. Colección General |
||
| 980 |
_81 _gALBERTO SANCHEZ Responsable de Automatización |
||
| 999 |
_c41979 _d41979 |
||